000 03494cas a2200817 a 4500
001 11156496
003 OSt
005 20250211141530.0
008 751101c19589999enkbr p 0 a0eng
010 _asa 64007476
016 7 _a100972259
_2DNLM
016 _a(AMICUS)000000950132
022 _a0020-8728
_l0020-8728
_y0020-8720
_2z
025 _aPL480:I-D-E-553
032 _a765770
_bUSPS
035 _a(OCoLC)ocm01753722
040 _aDLC
_beng
_cMUL
_dOCL
_dCOO
_dNYG
_dDLC
_dNST
_dNSD
_dNST
_dOCL
_dNLM
_dOCLCQ
_dORZ
_dZYU
_dNLGGC
_dUQ1
_dCUS
_dOCLCQ
_dOCLCO
_dOCLCF
_dOCLCA
_dOCLCO
_dOCLCQ
_dCKK
_dCEF
_dRDF
_dCASUM
_dNLC
_dOCLCQ
_dCGU
041 0 _aeng
_afre
042 _apcc
050 0 0 _aHV1
_b.I63
082 0 4 _a360.5
_bqI616
210 0 _aInt. soc. work
222 0 _aInternational social work
245 0 0 _aInternational social work.
246 1 _iIssues for <May 2005-> also bear acronym title:
_aISW
260 _aBombay, India :
_bMrs. C. Dave
300 _avolumes ;
_c28 cm
310 _aBimonthly,
_b2005-
321 _aQuarterly,
_b1958-2004
336 _atext
_btxt
_2rdacontent
337 _aunmediated
_bn
_2rdamedia
338 _avolume
_bnc
_2rdacarrier
362 1 _aBegan with: Vol. 1 in Jan. 1958.
500 _aIssues for <Jan. 1989-May 2005> published: London : Sage Publications.
530 _aAlso issued online.
546 _aEnglish with some contributions in French.
550 _aOfficial journal of the International Conference of Social Work, 1958-1966; the International Council on Social Welfare, 1966- ; the International Association of Schools of Social Work, 1958- ; and the International Federation of Social Workers, July 1959-
588 _aDescription based on: Vol. 20, no. 1, published in 1977; title from cover.
588 _aLatest issue consulted: Vol. 48, no. 3 (May 2005).
590 _aSERBIB/SERLOC merged record
650 0 _aSocial service
_vPeriodicals.
650 0 _aSocial work education
_vPeriodicals.
650 7 _aSocial service.
_2fast
_0(OCoLC)fst01123192
650 7 _aSocial work education.
_2fast
_0(OCoLC)fst01123461
650 1 7 _aAndragologie.
_2gtt
650 7 _aTravail social.
_2rasuqam
650 7 _aService social.
_2rasuqam
650 7 _aTravailleur social.
_2rasuqam
650 7 _aFormation (Éducation)
_2rasuqam
650 7 _aÉtude transculturelle.
_2rasuqam
650 1 2 _aSocial Work.
650 1 2 _aSociology.
655 7 _aPeriodicals.
_2fast
_0(OCoLC)fst01411641
655 7 _aPériodique électronique (Descripteur de forme)
_2rasuqam
655 7 _aRessource Internet (Descripteur de forme)
_2rasuqam
655 4 _aPeriodical.
655 4 _aInternet resource.
710 2 _aInternational Council on Social Welfare.
710 2 _aInternational Association of Schools of Social Work.
710 2 _aInternational Conference of Social Work (Society)
710 2 _aInternational Federation of Social Workers.
776 0 8 _iOnline version:
_tInternational social work (Online)
_x1461-7234
_w(DLC) 2020207201
_w(OCoLC)42441555
776 0 8 _iOnline version:
_tInternational social work
_w(DLC)sa 64007476
_w(OCoLC)300504083
780 0 0 _tSocial welfare in South-East-Asia
_w(OCoLC)49319374
906 _a7
_bcbc
_cserials
_du
_encip
_f19
_gn-oclcserc
942 _2ddc
_cBK
999 _c4097
_d4097